Danske musikeres mest streamede sang 3 - Statistics

General Stats
  • This quiz has been taken 4 times
  • The average score is 12 of 25
Answer Stats
Kunstner Sang % Correct
Aqua Barbie Girl
100%
Final Song
100%
Nik og Jay Hot!
100%
Mc Einar Jul Det' Cool
100%
Gulddreng Model
100%
Ida Laurberg Terrier
100%
Cisilia Vi To Datid Nu
100%
Thomas Helmig Stupid Man
67%
Cartoons Witch Doctor
67%
Sukkerchok Det Det
33%
Alphabeat Fascination
33%
Flemming Bamse Jørgensen Hvorfor Går Louise Til Bal?
33%
Nephew Igen & Igen &
33%
Back To Back Jonathan
33%
Danseorkestret Kom Tilbage Nu
33%
Sort Sol Let Your Fingers Do The Walking
33%
Sys Bjerre Malene
33%
Dizzy Mizz Lizzy Silverflame
33%
APHACA Smelter Under Månen
33%
Gasolin This Is My Life
33%
Johnny Madsen Udenfor Sæsonen
33%
Tina Dickow Alt Hvad Hun Ville Var At Danse
0%
News Jeg Elsker Dig
0%
Nicklas Sahl New Eyes
0%
Poul Krebs Sådan Nogen Som Os
0%
No matching quizzes found
Score Distribution
Percent of People with Each Score
Percentile by Number Answered
Your Score History
You have not taken this quiz